| 000 | 00672nam a22001817a 4500 | ||
|---|---|---|---|
| 999 |
_c178414 _d178414 |
||
| 005 | 20210330132907.0 | ||
| 010 | _aENG-129327 | ||
| 020 |
_c110.00 _a978-81-230-1679-5 |
||
| 035 | _aEN-112859 | ||
| 037 | _bDBAD/PUB | ||
| 082 | _a523.7 | ||
| 100 | _aRajan, Mohan Sundara | ||
| 245 |
_aSurya: Solar Explorations Since Galileo/ _bMohan Sundara Rajan |
||
| 260 |
_aNew Delhi _bPublication Division, Min of Information and Broadcasting, Govt of India _c2012 |
||
| 270 |
_bNew Delhi _aSoochna Bhavan, CGO Complex, Lodhi Road _e110003 |
||
| 300 |
_a122p. _c24cm(pbk) _bIncluding illustrations, and bibliographical references. |
||
| 942 |
_2ddc _cEN _h523.7 _mRAJ |
||